September rain

Bibliographic Details
Main Author: Lyss, Chryssa
Corporate Author: Title
Format: Book
Published: Selangor : Cerdik Publications , 2005
Series:The pearl series for KBSM
Subjects:

MARC

LEADER 00000cam a2200000 7i4500
001 0000002886
005 20151222.0
008 070716
020 |a 9837016884 
020 |a 9837018747(set) 
090 0 0 |a JF   |b ENG 
100 1 |a Lyss, Chryssa 
245 1 0 |a September rain   |c Chryssa Lyss 
260 |a Selangor :   |b Cerdik Publications ,   |c 2005 
440 |a The pearl series for KBSM 
500 |a Children ages 10-12 years old (pink) 
650 0 |a Junior fiction   |x English   |x Languages 
710 0 |a Title 
999 |a 0000950408   |b Book   |c Children Collection   |e Cawangan Bandar Penawar 
999 |a 0000950410   |b Book   |c Children Collection   |e Cawangan Mersing 
999 |a 0000950411   |b Book   |c Children Collection   |e Cawangan Bandar Tenggara 
999 |a 0000950412   |b Book   |c Children Collection   |e Cawangan Bandar Tenggara 
999 |a 0000961222   |b Book   |c Children Collection   |e Cawangan Taman Sri Lambak 
999 |a 0000961223   |b Book   |c Children Collection   |e Perbadanan Perpustakaan Awam Johor 
999 |a 0000961224   |b Book   |c Children Collection   |e Cawangan Tangkak 
999 |a 0000961225   |b Book   |c Children Collection   |e Cawangan Bandar Tenggara 
999 |a 0000961226   |b Book   |c Children Collection   |e Perbadanan Perpustakaan Awam Johor